Linear statistical inference and its applications

Αποθηκεύτηκε σε:
Λεπτομέρειες βιβλιογραφικής εγγραφής
Κύριος συγγραφέας: Rao, C. Radhakrishna (Calyampudi Radhakrishna) 1920-
Μορφή: Βιβλίο
Γλώσσα:English
Δημοσίευση: New York : Wiley, c1973
Έκδοση:2nd ed.
Σειρά:Wiley series in probability and mathematical statistics
Θέματα:
Ετικέτες: Προσθήκη ετικέτας
Δεν υπάρχουν, Καταχωρήστε ετικέτα πρώτοι!

MARC

LEADER 00000cam a2200000 i 4500
001 1/35364
008 941103s1973 eng d
020 |a 0471708232 
035 |l 10039933 
035 |a 1994  |c ΠΑΥΛΟΠΟΥΛΟΣ 
035 |a 1994  |c ΤΡΥΨΙΑΝΝΗΣ 
040 |a GR-MY-UA  |b gre  |e aacr 
041 0 |a eng 
082 0 |a 519.5 
100 1 |a Rao, C. Radhakrishna  |q (Calyampudi Radhakrishna)  |d 1920- 
245 1 0 |a Linear statistical inference and its applications /  |c [by] C. Radhakrishna Rao 
250 |a 2nd ed. 
260 |a New York :   |b Wiley,   |c c1973 
300 |a xx, 625 p.;  |c 24 cm. 
490 1 |a Wiley series in probability and mathematical statistics 
500 |a "A Wiley-Interscience publication." 
504 |a Includes bibliographical references 
650 0 0 |a Mathematical statistics. 
830 0 |a Wiley series in probability and mathematical statistics 
852 |a INST  |b SAMOS  |e 19941123  |h 519.5 RAO  |p 005300004396  |q 005300004396  |t BK  |y 0 
852 |a INST  |b SAMOS  |e 19941103  |h 519.5 RAO  |p 005300006455  |q 005300006455  |t BK  |y 0 
852 |a INST  |b SAMOS  |e 20001122  |h 519.5 RAO  |p 005300018526  |q 005300018526  |t BK  |y 23 
852 |a INST  |b SAMOS  |e 20001122  |h 519.5 RAO  |p 005300018527  |q 005300018527  |t BK  |y 0 
852 |a INST  |b SAMOS  |e 20001122  |h 519.5 RAO  |p 005300018528  |q 005300018528  |t BK  |y 0 
852 |a INST  |b SAMOS  |e 20001122  |h 519.5 RAO  |p 005300018529  |q 005300018529  |t BK  |y 0 
852 |a INST  |b SAMOS  |e 20001122  |h 519.5 RAO  |p 005300018530  |q 005300018530  |t BK  |y 0 
901 |a BIBL3-2000-3 
909 |a Σ  |b 045684 
909 |a Σ  |b 079918 
909 |a Σ  |b 079919 
909 |a Σ  |b 079915 
909 |a Σ  |b 079916 
909 |a Σ  |b 034544 
909 |a Σ  |b 079917 
922 |a 3ΕΛΗ  |b 200009  |c ΤΣΑΕ  |d ΠΑΠΑΣΩΤΗΡΙΟΥ 
970 |a ΠΟΥΡΝΑΡΑΣ  |b ΔΗΜΗΤΡΗΣ  |z 2000/11/22